00770nam a2200181Ia 4500008004100000020001800041041001200059082001600071100006100087245005400148250001200202260003800214300001200252942000700264999001900271952014900290952014900439231217s9999 xx 000 0 und d a81-203-0567-1 aEnglish a658.8 STI aStill, Richard R. Cundiff, Edward W. Govoni, Norman A P. 0aSales management: Decisions, strategies and cases a5th ed. c1998bNew Delhi : PHI,aNew Delhi axvi+608 cAA c177125d177125 r2024-01-26 00:00:00l0o658.8 STIp40423w2024-01-26yAA1040708MBA00aMLbMLcMBAd2006-01-02ePublisherEMBAK0L26/05/2007GRSF1V0W0 r2024-01-26 00:00:00l0o658.8 STIp40424w2024-01-26yAA1040708MBA00aMLbMLcMBAd2006-01-02ePublisherEMBAK0L26/05/2007GRSF1V0W0